000
00246nam a22001097a 4500
082
_a
513 DUR'C
100
_a
FAWDRY, R.C,DURELL, C.V
_9
59956
245
_a
A CONCISE ARITHMATICS
260
_a
LONDON
_b
G. BELL
_c
1930
300
_a
243P
942
_c
BK
999
_c
569812
_d
569812